Tiene los cabellos rojizos y se llama Sabina /

Bewaard in:
Bibliografische gegevens
Hoofdauteur: Campos, Julieta
Formaat: Onbekend
Taal:Spanish
Gepubliceerd in: Mexico : J. Mortiz, 1974.
Editie:1 edición
Onderwerpen:
Tags: Voeg label toe
Geen labels, Wees de eerste die dit record labelt!

MARC

LEADER 000000000a22000000004500
001 012803
041 0 |a spa 
082 0 4 |a M863. 4   |b C1998t 
100 1 |a Campos, Julieta 
245 1 0 |a Tiene los cabellos rojizos y se llama Sabina /   |c Julieta Campos. 
250 |a 1 edición 
260 1 |a Mexico :   |b J. Mortiz,   |c 1974. 
300 |a 179 páginas ;   |c 20 cm. 
650 4 |a LITERATURA MEXICANA 
650 4 |a NOVELA 
500 |a Colección George Yúdice 
999 |c 18752  |d 18752 
942 |c BK  |h M863. 4 C1998t  |2 z